| 000 | 00535nam a22001817a 4500 | ||
|---|---|---|---|
| 005 | 20240531144513.0 | ||
| 008 | 240531b |||||||| |||| 00| 0 eng d | ||
| 020 | _a9781935660033 | ||
| 082 |
_a616.01 _bGLA-C |
||
| 100 | _aGladwin Mark MD | ||
| 245 |
_aClinical Microbiology Made Ridiculously simple / _cGladwin Mark MD, William Trattler MD, Scott Maham |
||
| 250 | _a6th ed. | ||
| 260 |
_aUSA: _bjaypee ; _c2017 |
||
| 300 |
_a401 p.: _bill ; _c24 cm. |
||
| 500 | _ainclude index . | ||
| 650 | _aMedical / Microbiology | ||
| 999 |
_c35824 _d35824 |
||